| 000 | 00431nam a2200157 a 4500 | ||
|---|---|---|---|
| 001 | 89 | ||
| 003 | CDMR | ||
| 005 | 20130116135150.0 | ||
| 008 | 130130s2005||||||||||||||||||||||||||||d | ||
| 040 |
_aCDMR _bcat _cCPC LLEIDA |
||
| 110 | 2 |
_aAsociación de la Prensa de Madrid _987 |
|
| 245 | 1 | 2 |
_aA vueltas con el carné _cAsociación de la Prensa de Madrid |
| 260 |
_aMadrid _c2005 _bAPM |
||
| 490 | 0 |
_aCuadernos de Periodistas _988 |
|
| 942 | _cMON | ||
| 999 |
_c89 _d89 |
||